| 000 | 00000nam##2200000za#4500 |
| 001 | 9.686331 |
| 003 | CaOODSP |
| 005 | 20210624230504 |
| 007 | cr ||||||||||| |
| 008 | 150407|2002||||xxc|||||o f|0| 0 eng|d |
| 020 | |a0-662-32753-5 |
| 040 | |aCaOODSP|beng |
| 043 | |an-cn--- |
| 086 | 1 |aSW21-100/2002E-IN |
| 110 | 1 |aCanada. |bStatus of Women Canada. |
| 245 | 10|aPay equity : |h[electronic resource]|ba fundamental human right / |c[by] Margot E. Young. |
| 260 | |aOttawa - Ontario : |bStatus of Women Canada |c2002. |
| 300 | |a43p. |
| 504 | |aBibliography. |
| 590 | |a06-10-Supp|b2006-12-15 |
| 690 | 07|aHuman rights|2gcpds |
| 690 | 07|aLaw|2gcpds |
| 690 | 07|aLegislation|2gcpds |
| 690 | 07|aPay equity|2gcpds |
| 720 | 1 |aYoung, Margot E. |
| 775 | 08|tL'équité salariale : |w(CaOODSP)9.630803 |
| 856 | 40|ahttp://publications.gc.ca|qPDF|s313 KB|uhttps://publications.gc.ca/collections/Collection/SW21-100-2002E.pdf |